5 meistgesprochene Sprachen (anhand der Gesamtsprecher) - Statistiken

Allgemein
  • Dieses Quiz wurde 7 mal gespielt
  • Das Durchschnittsergebnis liegt bei 4 aus 5
Antwortstatistiken
Rang Gesamtsprecher Sprache % Korrekt
1. 1.453 Mio. Englisch
100%
4. 559 Mio. Spanisch
100%
5. 274 Mio. Französisch
86%
3. 610 Mio. Hindi
57%
2. 1.118 Mio. Mandarin-Chinesisch
29%
Keine übereinstimmenden Quizze gefunden
Verteilung der Resultate
Anzahl Personen mit jedem Resultat
Perzentil nach korrekt beantworteten Fragen
Ihre Resultats-Entwicklung
Sie haben dieses Quiz noch nicht gespielt